Empower A2: Elementary Student's Book with eBook.
Збережено в:
| Автори: | , , , |
|---|---|
| Інші автори: | |
| Формат: | Книга |
| Опубліковано: |
Cambridge, United Kingdom:
Cambridge University Press,
2022.
|
| Редагування: | Second edition. |
| Предмети: | |
| Теги: |
Додати тег
Немає тегів, Будьте першим, хто поставить тег для цього запису!
|
MARC
| LEADER | 00000cam a2200000 a 4500 | ||
|---|---|---|---|
| 001 | UCC0467 | ||
| 003 | CL-VaPUC | ||
| 005 | 20250312142219.0 | ||
| 008 | 240507t2022 ||||| |||| 00| 0 eng d | ||
| 999 | |c 443688 |d 443686 | ||
| 020 | |a 978-1-108-96526-2 | ||
| 040 | |c Pontificia Universidad Católica de Valparaíso | ||
| 082 | 0 | 4 | |a 428 DOF 2022 |2 21 |
| 100 | 0 | |a Doff, Adrian |e author |9 594431 | |
| 245 | 1 | 0 | |a Empower A2: Elementary Student's Book with eBook. |
| 250 | |a Second edition. | ||
| 260 | |a Cambridge, United Kingdom: |b Cambridge University Press, |c 2022. | ||
| 300 | |a 170 páginas : |b ilustraciones. | ||
| 500 | |a c.1-174 Entrega Programa de Inglés. Memo PILE 049/2024 | ||
| 583 | |k Catalogador Asistente |c 20240507 | ||
| 650 | 0 | |a Lengua inglesa |x Educación lingüística |x Estudio y enseñanza |v Libros de texto |9 318842 | |
| 700 | 0 | |a Thaine, Craig |e author |9 594432 | |
| 700 | |a Puchta, Herbert |e autor |9 594433 | ||
| 700 | 0 | |a Stranks, Jeff |e author |9 594434 | |
| 700 | 0 | |a Lewis-Jones, Peter |e author |9 594435 | |
| 942 | |c BK |2 ddc | ||
| 952 | |0 0 |1 0 |2 ddc |4 0 |6 428_000000000000000_DOF_2022 |7 0 |8 A |9 594376 |a BIBCUR |b BIBCUR |d 2024-05-07 |e En comodato |i 5660984 |o 428 DOF 2022 |p 5660984 |r 2025-04-22 |t 1 |w 2024-05-07 |y BK |k ILC | ||
| 952 | |0 0 |1 0 |2 ddc |4 0 |6 428_000000000000000_DOF_2022 |7 0 |8 A |9 594377 |a BIBCUR |b BIBCUR |d 2024-05-07 |e En comodato |i 5660985 |o 428 DOF 2022 |p 5660985 |r 2025-04-22 |t 2 |w 2024-05-07 |y BK |k ILC | ||
| 952 | |0 0 |1 0 |2 ddc |4 0 |6 428_000000000000000_DOF_2022 |7 0 |8 A |9 594378 |a BIBCUR |b BIBCUR |d 2024-05-07 |e En comodato |i 5660986 |o 428 DOF 2022 |p 5660986 |r 2025-04-22 |t 3 |w 2024-05-07 |y BK |k ILC | ||
| 952 | |0 0 |1 0 |2 ddc |4 0 |6 428_000000000000000_DOF_2022 |7 0 |8 A |9 594379 |a BIBCUR |b BIBCUR |d 2024-05-07 |e En comodato |i 5660987 |o 428 DOF 2022 |p 5660987 |r 2025-04-22 |t 4 |w 2024-05-07 |y BK |k ILC | ||
| 952 | |0 0 |1 0 |2 ddc |4 0 |6 428_000000000000000_DOF_2022 |7 0 |8 A |9 594380 |a BIBCUR |b BIBCUR |d 2024-05-07 |e En comodato |i 5660988 |o 428 DOF 2022 |p 5660988 |r 2025-04-22 |t 5 |w 2024-05-07 |y BK |k ILC | ||
| 952 | |0 0 |1 0 |2 ddc |4 0 |6 428_000000000000000_DOF_2022 |7 0 |8 A |9 594381 |a BIBCUR |b BIBCUR |d 2024-05-07 |e En comodato |i 5660989 |o 428 DOF 2022 |p 5660989 |r 2025-04-22 |t 6 |w 2024-05-07 |y BK |k ILC | ||
| 952 | |0 0 |1 0 |2 ddc |4 0 |6 428_000000000000000_DOF_2022 |7 0 |8 A |9 594382 |a BIBCUR |b BIBCUR |d 2024-05-07 |e En comodato |i 5660990 |o 428 DOF 2022 |p 5660990 |r 2025-04-22 |t 7 |w 2024-05-07 |y BK |k ILC | ||
| 952 | |0 0 |1 0 |2 ddc |4 0 |6 428_000000000000000_DOF_2022 |7 0 |8 A |9 594383 |a BIBCUR |b BIBCUR |d 2024-05-07 |e En comodato |i 5660991 |o 428 DOF 2022 |p 5660991 |r 2025-04-22 |t 8 |w 2024-05-07 |y BK |k ILC | ||
| 952 | |0 0 |1 0 |2 ddc |4 0 |6 428_000000000000000_DOF_2022 |7 0 |8 A |9 594384 |a BIBCUR |b BIBCUR |d 2024-05-07 |e En comodato |i 5660992 |l 2 |o 428 DOF 2022 |p 5660992 |r 2025-04-22 |s 2024-06-07 |t 9 |w 2024-05-07 |y BK |k ILC | ||
| 952 | |0 0 |1 0 |2 ddc |4 0 |6 428_000000000000000_DOF_2022 |7 0 |8 A |9 594385 |a BIBCUR |b BIBCUR |d 2024-05-07 |e En comodato |i 5660993 |o 428 DOF 2022 |p 5660993 |r 2025-04-22 |t 10 |w 2024-05-07 |y BK |k ILC | ||
| 952 | |0 0 |1 0 |2 ddc |4 0 |6 428_000000000000000_DOF_2022 |7 0 |8 A |9 594386 |a BIBCUR |b BIBCUR |d 2024-05-07 |e En comodato |i 5660994 |o 428 DOF 2022 |p 5660994 |r 2025-04-22 |t 11 |w 2024-05-07 |y BK |k ILC | ||
| 952 | |0 0 |1 0 |2 ddc |4 0 |6 428_000000000000000_DOF_2022 |7 0 |8 A |9 594387 |a BIBCUR |b BIBCUR |d 2024-05-07 |e En comodato |i 5660995 |o 428 DOF 2022 |p 5660995 |r 2025-04-22 |t 12 |w 2024-05-07 |y BK |k ILC | ||
| 952 | |0 0 |1 0 |2 ddc |4 0 |6 428_000000000000000_DOF_2022 |7 0 |8 A |9 594388 |a BIBCUR |b BIBCUR |d 2024-05-07 |e En comodato |i 5660996 |l 1 |m 1 |o 428 DOF 2022 |p 5660996 |r 2025-04-22 |s 2025-03-11 |t 13 |w 2024-05-07 |y BK |k ILC | ||
| 952 | |0 0 |1 0 |2 ddc |4 0 |6 428_000000000000000_DOF_2022 |7 0 |8 A |9 594389 |a BIBCUR |b BIBCUR |d 2024-05-07 |e En comodato |i 5660997 |o 428 DOF 2022 |p 5660997 |r 2025-04-22 |t 14 |w 2024-05-07 |y BK |k ILC | ||
| 952 | |0 0 |1 0 |2 ddc |4 0 |6 428_000000000000000_DOF_2022 |7 0 |8 A |9 594390 |a BIBCUR |b BIBCUR |d 2024-05-07 |e En comodato |i 5660998 |o 428 DOF 2022 |p 5660998 |r 2025-04-22 |t 15 |w 2024-05-07 |y BK |k ILC | ||
| 952 | |0 0 |1 0 |2 ddc |4 0 |6 428_000000000000000_DOF_2022 |7 0 |8 A |9 594391 |a BIBEDU |b BIBEDU |d 2024-05-08 |e En comodato |i 5660999 |o 428 DOF 2022 |p 5660999 |r 2024-05-08 |t 16 |w 2024-05-08 |y BK |k ILE | ||
| 952 | |0 0 |1 0 |2 ddc |4 0 |6 428_000000000000000_DOF_2022 |7 0 |8 A |9 594395 |a BIBEDU |b BIBEDU |d 2024-05-08 |e En comodato |i 5661000 |o 428 DOF 2022 |p 5661000 |r 2024-05-08 |t 17 |w 2024-05-08 |y BK |k ILE | ||
| 952 | |0 0 |1 0 |2 ddc |4 0 |6 428_000000000000000_DOF_2022 |7 0 |8 A |9 594396 |a BIBEDU |b BIBEDU |d 2024-05-08 |e En comodato |i 5661001 |o 428 DOF 2022 |p 5661001 |r 2024-05-08 |t 18 |w 2024-05-08 |y BK |k ILE | ||
| 952 | |0 0 |1 0 |2 ddc |4 0 |6 428_000000000000000_DOF_2022 |7 0 |8 A |9 594397 |a BIBEDU |b BIBEDU |d 2024-05-08 |e En comodato |i 5661002 |o 428 DOF 2022 |p 5661002 |r 2024-05-08 |t 19 |w 2024-05-08 |y BK |k ILE | ||
| 952 | |0 0 |1 0 |2 ddc |4 0 |6 428_000000000000000_DOF_2022 |7 0 |8 A |9 594398 |a BIBEDU |b BIBEDU |d 2024-05-08 |e En comodato |i 5661003 |o 428 DOF 2022 |p 5661003 |r 2024-05-08 |t 20 |w 2024-05-08 |y BK |k ILE | ||
| 952 | |0 0 |1 0 |2 ddc |4 0 |6 428_000000000000000_DOF_2022 |7 0 |8 A |9 594399 |a BIBEDU |b BIBEDU |d 2024-05-08 |e En comodato |i 5661004 |o 428 DOF 2022 |p 5661004 |r 2024-05-08 |t 21 |w 2024-05-08 |y BK |k ILE | ||
| 952 | |0 0 |1 0 |2 ddc |4 0 |6 428_000000000000000_DOF_2022 |7 0 |8 A |9 594400 |a BIBEDU |b BIBEDU |d 2024-05-08 |e En comodato |i 5661005 |l 1 |o 428 DOF 2022 |p 5661005 |r 2025-03-14 |s 2025-03-13 |t 22 |w 2024-05-08 |y BK |k ILE | ||
| 952 | |0 0 |1 0 |2 ddc |4 0 |6 428_000000000000000_DOF_2022 |7 0 |8 A |9 594401 |a BIBEDU |b BIBEDU |d 2024-05-08 |e En comodato |i 5661006 |l 2 |o 428 DOF 2022 |p 5661006 |q 2025-03-20 |r 2025-03-13 |s 2025-03-13 |t 23 |w 2024-05-08 |y BK |k ILE | ||
| 952 | |0 0 |1 0 |2 ddc |4 0 |6 428_000000000000000_DOF_2022 |7 0 |8 A |9 594402 |a BIBEDU |b BIBEDU |d 2024-05-08 |e En comodato |i 5661007 |l 2 |o 428 DOF 2022 |p 5661007 |r 2025-04-02 |s 2025-03-24 |t 24 |w 2024-05-08 |y BK |k ILE | ||
| 952 | |0 0 |1 0 |2 ddc |4 0 |6 428_000000000000000_DOF_2022 |7 0 |8 A |9 594403 |a BIBEDU |b BIBEDU |d 2024-05-08 |e En comodato |i 5661008 |o 428 DOF 2022 |p 5661008 |r 2024-05-08 |t 25 |w 2024-05-08 |y BK |k ILE | ||
| 952 | |0 0 |1 0 |2 ddc |4 0 |6 428_000000000000000_DOF_2022 |7 0 |8 A |9 594406 |a BIBEDU |b BIBEDU |d 2024-05-08 |e En comodato |i 5661009 |o 428 DOF 2022 |p 5661009 |r 2024-05-08 |t 26 |w 2024-05-08 |y BK |k ILE | ||
| 952 | |0 0 |1 0 |2 ddc |4 0 |6 428_000000000000000_DOF_2022 |7 0 |8 A |9 594407 |a BIBEDU |b BIBEDU |d 2024-05-08 |e En comodato |i 5661010 |o 428 DOF 2022 |p 5661010 |r 2024-05-08 |t 27 |w 2024-05-08 |y BK |k ILE | ||
| 952 | |0 0 |1 0 |2 ddc |4 0 |6 428_000000000000000_DOF_2022 |7 0 |8 A |9 594408 |a BIBEDU |b BIBEDU |d 2024-05-08 |e En comodato |i 5661011 |o 428 DOF 2022 |p 5661011 |r 2024-05-08 |t 28 |w 2024-05-08 |y BK |k ILE | ||
| 952 | |0 0 |1 0 |2 ddc |4 0 |6 428_000000000000000_DOF_2022 |7 0 |8 A |9 594409 |a BIBEDU |b BIBEDU |d 2024-05-08 |e En comodato |i 5661012 |o 428 DOF 2022 |p 5661012 |r 2024-05-08 |t 29 |w 2024-05-08 |y BK |k ILE | ||
| 952 | |0 0 |1 0 |2 ddc |4 0 |6 428_000000000000000_DOF_2022 |7 0 |8 A |9 594410 |a BIBEDU |b BIBEDU |d 2024-05-08 |e En comodato |i 5661013 |o 428 DOF 2022 |p 5661013 |r 2024-05-08 |t 30 |w 2024-05-08 |y BK |k ILE | ||
| 952 | |0 0 |1 0 |2 ddc |4 0 |6 428_000000000000000_DOF_2022 |7 0 |8 A |9 594411 |a BIBING |b BIBING |c RES |d 2024-05-08 |e En comodato |i 5661015 |l 1 |o 428 DOF 2022 |p 5661015 |r 2025-03-18 |s 2025-03-18 |t 32 |w 2024-05-08 |y BK |k ILI | ||
| 952 | |0 0 |1 0 |2 ddc |4 0 |6 428_000000000000000_DOF_2022 |7 0 |8 A |9 594412 |a BIBING |b BIBING |c RES |d 2024-05-08 |e En comodato |i 5661016 |o 428 DOF 2022 |p 5661016 |r 2025-01-20 |t 33 |w 2024-05-08 |y BK |k ILI | ||
| 952 | |0 0 |1 0 |2 ddc |4 0 |6 428_000000000000000_DOF_2022 |7 0 |8 A |9 594413 |a BIBING |b BIBING |c RES |d 2024-05-08 |e En comodato |i 5661017 |o 428 DOF 2022 |p 5661017 |r 2025-01-20 |t 34 |w 2024-05-08 |y BK |k ILI | ||
| 952 | |0 0 |1 0 |2 ddc |4 0 |6 428_000000000000000_DOF_2022 |7 0 |8 A |9 594414 |a BIBING |b BIBING |c RES |d 2024-05-08 |e En comodato |i 5661018 |o 428 DOF 2022 |p 5661018 |r 2025-01-20 |t 35 |w 2024-05-08 |y BK |k ILI | ||
| 952 | |0 0 |1 0 |2 ddc |4 0 |6 428_000000000000000_DOF_2022 |7 0 |8 A |9 594415 |a BIBING |b BIBING |c RES |d 2024-05-08 |e En comodato |i 5661019 |o 428 DOF 2022 |p 5661019 |r 2025-01-20 |t 36 |w 2024-05-08 |y BK |k ILI | ||
| 952 | |0 0 |1 0 |2 ddc |4 0 |6 428_000000000000000_DOF_2022 |7 0 |8 A |9 594416 |a BIBING |b BIBING |c RES |d 2024-05-08 |e En comodato |i 5661020 |o 428 DOF 2022 |p 5661020 |r 2025-01-20 |t 37 |w 2024-05-08 |y BK |k ILI | ||
| 952 | |0 0 |1 0 |2 ddc |4 0 |6 428_000000000000000_DOF_2022 |7 0 |8 A |9 594417 |a BIBING |b BIBING |c RES |d 2024-05-08 |e En comodato |i 5661021 |o 428 DOF 2022 |p 5661021 |r 2025-01-20 |t 38 |w 2024-05-08 |y BK |k ILI | ||
| 952 | |0 0 |1 0 |2 ddc |4 0 |6 428_000000000000000_DOF_2022 |7 0 |8 A |9 594418 |a BIBING |b BIBING |c RES |d 2024-05-08 |e En comodato |i 5661022 |o 428 DOF 2022 |p 5661022 |r 2025-01-20 |t 39 |w 2024-05-08 |y BK |k ILI | ||
| 952 | |0 0 |1 0 |2 ddc |4 0 |6 428_000000000000000_DOF_2022 |7 0 |8 A |9 594419 |a BIBING |b BIBING |c RES |d 2024-05-08 |e En comodato |i 5661023 |o 428 DOF 2022 |p 5661023 |r 2025-01-20 |t 40 |w 2024-05-08 |y BK |k ILI | ||
| 952 | |0 0 |1 0 |2 ddc |4 0 |6 428_000000000000000_DOF_2022 |7 0 |8 A |9 594420 |a BIBING |b BIBING |c RES |d 2024-05-08 |e En comodato |i 5661024 |o 428 DOF 2022 |p 5661024 |r 2025-01-20 |t 41 |w 2024-05-08 |y BK |k ILI | ||
| 952 | |0 0 |1 0 |2 ddc |4 0 |6 428_000000000000000_DOF_2022 |7 0 |8 A |9 594421 |a BIBING |b BIBING |c RES |d 2024-05-08 |e En comodato |i 5661025 |o 428 DOF 2022 |p 5661025 |r 2025-01-20 |t 42 |w 2024-05-08 |y BK |k ILI | ||
| 952 | |0 0 |1 0 |2 ddc |4 0 |6 428_000000000000000_DOF_2022 |7 0 |8 A |9 594422 |a BIBING |b BIBING |c RES |d 2024-05-08 |e En comodato |i 5661026 |o 428 DOF 2022 |p 5661026 |r 2025-01-20 |t 43 |w 2024-05-08 |y BK |k ILI | ||
| 952 | |0 0 |1 0 |2 ddc |4 0 |6 428_000000000000000_DOF_2022 |7 0 |8 A |9 594423 |a BIBING |b BIBING |c RES |d 2024-05-08 |e En comodato |i 5661027 |o 428 DOF 2022 |p 5661027 |r 2025-01-20 |t 44 |w 2024-05-08 |y BK |k ILI | ||
| 952 | |0 0 |1 0 |2 ddc |4 0 |6 428_000000000000000_DOF_2022 |7 0 |8 A |9 594424 |a BIBING |b BIBING |c RES |d 2024-05-08 |e En comodato |i 5661028 |o 428 DOF 2022 |p 5661028 |r 2025-01-20 |t 45 |w 2024-05-08 |y BK |k ILI | ||
| 952 | |0 0 |1 0 |2 ddc |4 0 |6 428_000000000000000_DOF_2022 |7 0 |8 A |9 594425 |a BIBING |b BIBING |c RES |d 2024-05-08 |e En comodato |i 5661014 |o 428 DOF 2022 |p 5661014 |r 2025-01-20 |t 31 |w 2024-05-08 |y BK |k ILI | ||
| 952 | |0 0 |1 0 |2 ddc |4 0 |6 428_000000000000000_DOF_2022 |7 0 |8 A |9 594434 |a BIBGIM |b BIBGIM |d 2024-05-09 |e En comodato |i 5661029 |l 1 |o 428 DOF 2022 |p 5661029 |r 2025-01-15 |s 2024-09-30 |t 46 |w 2024-05-09 |y BK |k ILG | ||
| 952 | |0 0 |1 0 |2 ddc |4 0 |6 428_000000000000000_DOF_2022 |7 0 |8 A |9 594435 |a BIBGIM |b BIBGIM |d 2024-05-09 |e En comodato |i 5661030 |o 428 DOF 2022 |p 5661030 |r 2025-01-15 |t 47 |w 2024-05-09 |y BK |k ILG | ||
| 952 | |0 0 |1 0 |2 ddc |4 0 |6 428_000000000000000_DOF_2022 |7 0 |8 A |9 594436 |a BIBGIM |b BIBGIM |d 2024-05-09 |e En comodato |i 5661031 |o 428 DOF 2022 |p 5661031 |r 2025-01-15 |t 48 |w 2024-05-09 |y BK |k ILG | ||
| 952 | |0 0 |1 0 |2 ddc |4 0 |6 428_000000000000000_DOF_2022 |7 0 |8 A |9 594437 |a BIBGIM |b BIBGIM |d 2024-05-09 |e En comodato |i 5661032 |o 428 DOF 2022 |p 5661032 |r 2025-01-15 |t 49 |w 2024-05-09 |y BK |k ILG | ||
| 952 | |0 0 |1 0 |2 ddc |4 0 |6 428_000000000000000_DOF_2022 |7 0 |8 A |9 594438 |a BIBGIM |b BIBGIM |d 2024-05-09 |e En comodato |i 5661033 |o 428 DOF 2022 |p 5661033 |r 2025-01-15 |t 50 |w 2024-05-09 |y BK |k ILG | ||
| 952 | |0 0 |1 0 |2 ddc |4 0 |6 428_000000000000000_DOF_2022 |7 0 |8 A |9 594439 |a BIBGIM |b BIBGIM |d 2024-05-09 |e En comodato |i 5661034 |l 1 |o 428 DOF 2022 |p 5661034 |r 2025-04-08 |s 2025-04-02 |t 51 |w 2024-05-09 |y BK |k ILG | ||
| 952 | |0 0 |1 0 |2 ddc |4 0 |6 428_000000000000000_DOF_2022 |7 0 |8 A |9 594440 |a BIBGIM |b BIBGIM |d 2024-05-09 |e En comodato |i 5661035 |l 1 |o 428 DOF 2022 |p 5661035 |q 2025-05-30 |r 2025-03-25 |s 2025-03-25 |t 52 |w 2024-05-09 |y BK |k ILG | ||
| 952 | |0 0 |1 0 |2 ddc |4 0 |6 428_000000000000000_DOF_2022 |7 0 |8 A |9 594441 |a BIBGIM |b BIBGIM |d 2024-05-09 |e En comodato |i 5661036 |o 428 DOF 2022 |p 5661036 |r 2025-01-15 |t 53 |w 2024-05-09 |y BK |k ILG | ||
| 952 | |0 0 |1 0 |2 ddc |4 0 |6 428_000000000000000_DOF_2022 |7 0 |8 A |9 594442 |a BIBGIM |b BIBGIM |d 2024-05-09 |e En comodato |i 5661037 |l 1 |o 428 DOF 2022 |p 5661037 |r 2025-01-15 |s 2024-08-19 |t 54 |w 2024-05-09 |y BK |k ILG | ||
| 952 | |0 0 |1 0 |2 ddc |4 0 |6 428_000000000000000_DOF_2022 |7 0 |8 A |9 594443 |a BIBGIM |b BIBGIM |d 2024-05-09 |e En comodato |i 5661038 |o 428 DOF 2022 |p 5661038 |r 2025-01-15 |t 55 |w 2024-05-09 |y BK |k ILG | ||
| 952 | |0 0 |1 0 |2 ddc |4 0 |6 428_000000000000000_DOF_2022 |7 0 |8 A |9 594444 |a BIBGIM |b BIBGIM |d 2024-05-09 |e En comodato |i 5661039 |l 1 |o 428 DOF 2022 |p 5661039 |r 2025-01-15 |s 2024-08-19 |t 56 |w 2024-05-09 |y BK |k ILG | ||
| 952 | |0 0 |1 0 |2 ddc |4 0 |6 428_000000000000000_DOF_2022 |7 0 |8 A |9 594445 |a BIBGIM |b BIBGIM |d 2024-05-09 |e En comodato |i 5661040 |o 428 DOF 2022 |p 5661040 |r 2025-01-15 |t 57 |w 2024-05-09 |y BK |k ILG | ||
| 952 | |0 0 |1 0 |2 ddc |4 0 |6 428_000000000000000_DOF_2022 |7 0 |8 A |9 594446 |a BIBAGR |b BIBAGR |d 2024-05-09 |e En comodato |i 5661041 |o 428 DOF 2022 |p 5661041 |r 2025-01-20 |t 58 |w 2024-05-09 |y BK |k ILA | ||
| 952 | |0 0 |1 0 |2 ddc |4 0 |6 428_000000000000000_DOF_2022 |7 0 |8 A |9 594447 |a BIBAGR |b BIBAGR |d 2024-05-09 |e En comodato |i 5661042 |o 428 DOF 2022 |p 5661042 |r 2025-01-20 |t 59 |w 2024-05-09 |y BK |k ILA | ||
| 952 | |0 0 |1 0 |2 ddc |4 0 |6 428_000000000000000_DOF_2022 |7 0 |8 A |9 594448 |a BIBAGR |b BIBAGR |d 2024-05-09 |e En comodato |i 5661043 |o 428 DOF 2022 |p 5661043 |r 2025-01-20 |t 60 |w 2024-05-09 |y BK |k ILA | ||
| 952 | |0 0 |1 0 |2 ddc |4 0 |6 428_000000000000000_DOF_2022 |7 0 |8 A |9 594449 |a BIBAGR |b BIBAGR |d 2024-05-09 |e En comodato |i 5661044 |o 428 DOF 2022 |p 5661044 |r 2025-01-20 |t 61 |w 2024-05-09 |y BK |k ILA | ||
| 952 | |0 0 |1 0 |2 ddc |4 0 |6 428_000000000000000_DOF_2022 |7 0 |8 A |9 594450 |a BIBAGR |b BIBAGR |d 2024-05-09 |e En comodato |i 5661045 |o 428 DOF 2022 |p 5661045 |r 2025-01-20 |t 62 |w 2024-05-09 |y BK |k ILA | ||
| 952 | |0 0 |1 0 |2 ddc |4 0 |6 428_000000000000000_DOF_2022 |7 0 |8 A |9 594451 |a BIBAGR |b BIBAGR |d 2024-05-09 |e En comodato |i 5661046 |o 428 DOF 2022 |p 5661046 |r 2025-01-20 |t 63 |w 2024-05-09 |y BK |k ILA | ||
| 952 | |0 0 |1 0 |2 ddc |4 0 |6 428_000000000000000_DOF_2022 |7 0 |8 A |9 594452 |a BIBAGR |b BIBAGR |d 2024-05-09 |e En comodato |i 5661047 |o 428 DOF 2022 |p 5661047 |r 2025-01-20 |t 64 |w 2024-05-09 |y BK |k ILA | ||
| 952 | |0 0 |1 0 |2 ddc |4 0 |6 428_000000000000000_DOF_2022 |7 0 |8 A |9 594453 |a BIBAGR |b BIBAGR |d 2024-05-09 |e En comodato |i 5661048 |o 428 DOF 2022 |p 5661048 |r 2025-01-20 |t 65 |w 2024-05-09 |y BK |k ILA | ||
| 952 | |0 0 |1 0 |2 ddc |4 0 |6 428_000000000000000_DOF_2022 |7 0 |8 A |9 594454 |a BIBAGR |b BIBAGR |d 2024-05-09 |e En comodato |i 5661049 |o 428 DOF 2022 |p 5661049 |r 2025-01-20 |t 66 |w 2024-05-09 |y BK |k ILA | ||
| 952 | |0 0 |1 0 |2 ddc |4 0 |6 428_000000000000000_DOF_2022 |7 0 |8 A |9 594455 |a BIBAGR |b BIBAGR |d 2024-05-09 |e En comodato |i 5661050 |o 428 DOF 2022 |p 5661050 |r 2025-01-20 |t 67 |w 2024-05-09 |y BK |k ILA | ||
| 952 | |0 0 |1 0 |2 ddc |4 0 |6 428_000000000000000_DOF_2022 |7 0 |8 A |9 594456 |a BIBARQ |b BIBARQ |d 2024-05-09 |e En comodato |i 5661051 |o 428 DOF 2022 |p 5661051 |r 2025-01-20 |t 68 |w 2024-05-09 |y BK |k ILQ | ||
| 952 | |0 0 |1 0 |2 ddc |4 0 |6 428_000000000000000_DOF_2022 |7 0 |8 A |9 594457 |a BIBARQ |b BIBARQ |d 2024-05-09 |e En comodato |i 5661052 |o 428 DOF 2022 |p 5661052 |r 2025-01-20 |t 69 |w 2024-05-09 |y BK |k ILQ | ||
| 952 | |0 0 |1 0 |2 ddc |4 0 |6 428_000000000000000_DOF_2022 |7 0 |8 A |9 594458 |a BIBARQ |b BIBARQ |d 2024-05-09 |e En comodato |i 5661053 |o 428 DOF 2022 |p 5661053 |r 2025-01-20 |t 70 |w 2024-05-09 |y BK |k ILQ | ||
| 952 | |0 0 |1 0 |2 ddc |4 0 |6 428_000000000000000_DOF_2022 |7 0 |8 A |9 594459 |a BIBARQ |b BIBARQ |d 2024-05-09 |e En comodato |i 5661054 |o 428 DOF 2022 |p 5661054 |r 2025-01-20 |t 71 |w 2024-05-09 |y BK |k ILQ | ||
| 952 | |0 0 |1 0 |2 ddc |4 0 |6 428_000000000000000_DOF_2022 |7 0 |8 A |9 594460 |a BIBARQ |b BIBARQ |d 2024-05-09 |e En comodato |i 5661055 |o 428 DOF 2022 |p 5661055 |r 2025-01-20 |t 72 |w 2024-05-09 |y BK |k ILQ | ||
| 952 | |0 0 |1 0 |2 ddc |4 0 |6 428_000000000000000_DOF_2022 |7 0 |8 A |9 594461 |a BIBARQ |b BIBARQ |d 2024-05-09 |e En comodato |i 5661056 |o 428 DOF 2022 |p 5661056 |r 2025-01-20 |t 73 |w 2024-05-09 |y BK |k ILQ | ||
| 952 | |0 0 |1 0 |2 ddc |4 0 |6 428_000000000000000_DOF_2022 |7 0 |8 A |9 594462 |a BIBARQ |b BIBARQ |d 2024-05-09 |e En comodato |i 5661057 |o 428 DOF 2022 |p 5661057 |r 2025-01-20 |t 74 |w 2024-05-09 |y BK |k ILQ | ||
| 952 | |0 0 |1 0 |2 ddc |4 0 |6 428_000000000000000_DOF_2022 |7 0 |8 A |9 594463 |a BIBARQ |b BIBARQ |d 2024-05-09 |e En comodato |i 5661058 |o 428 DOF 2022 |p 5661058 |r 2025-01-20 |t 75 |w 2024-05-09 |y BK |k ILQ | ||
| 952 | |0 0 |1 0 |2 ddc |4 0 |6 428_000000000000000_DOF_2022 |7 0 |8 A |9 594464 |a BIBARQ |b BIBARQ |d 2024-05-09 |e En comodato |i 5661059 |o 428 DOF 2022 |p 5661059 |r 2025-01-20 |t 76 |w 2024-05-09 |y BK |k ILQ | ||
| 952 | |0 0 |1 0 |2 ddc |4 0 |6 428_000000000000000_DOF_2022 |7 0 |8 A |9 594465 |a BIBARQ |b BIBARQ |d 2024-05-09 |e En comodato |i 5661060 |o 428 DOF 2022 |p 5661060 |r 2025-01-20 |t 77 |w 2024-05-09 |y BK |k ILQ | ||
| 952 | |0 0 |1 0 |2 ddc |4 0 |6 428_000000000000000_DOF_2022 |7 0 |8 A |9 594467 |a BIBART |b BIBART |d 2024-05-10 |e En comodato |i 5661061 |o 428 DOF 2022 |p 5661061 |r 2025-03-13 |t 78 |w 2024-05-10 |y BK |k ILT | ||
| 952 | |0 0 |1 0 |2 ddc |4 0 |6 428_000000000000000_DOF_2022 |7 0 |8 A |9 594468 |a BIBART |b BIBART |d 2024-05-10 |e En comodato |i 5661062 |o 428 DOF 2022 |p 5661062 |r 2025-03-13 |t 79 |w 2024-05-10 |y BK |k ILT | ||
| 952 | |0 0 |1 0 |2 ddc |4 0 |6 428_000000000000000_DOF_2022 |7 0 |8 A |9 594469 |a BIBART |b BIBART |d 2024-05-10 |e En comodato |i 5661063 |o 428 DOF 2022 |p 5661063 |r 2025-03-13 |t 80 |w 2024-05-10 |y BK |k ILT | ||
| 952 | |0 0 |1 0 |2 ddc |4 0 |6 428_000000000000000_DOF_2022 |7 0 |8 A |9 594470 |a BIBART |b BIBART |d 2024-05-10 |e En comodato |i 5661064 |o 428 DOF 2022 |p 5661064 |r 2025-03-13 |t 81 |w 2024-05-10 |y BK |k ILT | ||
| 952 | |0 0 |1 0 |2 ddc |4 0 |6 428_000000000000000_DOF_2022 |7 0 |8 A |9 594471 |a BIBART |b BIBART |d 2024-05-10 |e En comodato |i 5661065 |o 428 DOF 2022 |p 5661065 |r 2025-03-13 |t 82 |w 2024-05-10 |y BK |k ILT | ||
| 952 | |0 0 |1 0 |2 ddc |4 0 |6 428_000000000000000_DOF_2022 |7 0 |8 A |9 594472 |a BIBART |b BIBART |d 2024-05-10 |e En comodato |i 5661066 |o 428 DOF 2022 |p 5661066 |r 2025-03-13 |t 83 |w 2024-05-10 |y BK |k ILT | ||
| 952 | |0 0 |1 0 |2 ddc |4 0 |6 428_000000000000000_DOF_2022 |7 0 |8 A |9 594473 |a BIBART |b BIBART |d 2024-05-10 |e En comodato |i 5661067 |o 428 DOF 2022 |p 5661067 |r 2025-03-13 |t 84 |w 2024-05-10 |y BK |k ILT | ||
| 952 | |0 0 |1 0 |2 ddc |4 0 |6 428_000000000000000_DOF_2022 |7 0 |8 A |9 594474 |a BIBART |b BIBART |d 2024-05-10 |e En comodato |i 5661068 |o 428 DOF 2022 |p 5661068 |r 2025-03-13 |t 85 |w 2024-05-10 |y BK |k ILT | ||
| 952 | |0 0 |1 0 |2 ddc |4 0 |6 428_000000000000000_DOF_2022 |7 0 |8 A |9 594475 |a BIBART |b BIBART |d 2024-05-10 |e En comodato |i 5661069 |o 428 DOF 2022 |p 5661069 |r 2025-03-13 |t 86 |w 2024-05-10 |y BK |k ILT | ||
| 952 | |0 0 |1 0 |2 ddc |4 0 |6 428_000000000000000_DOF_2022 |7 0 |8 A |9 594476 |a BIBART |b BIBART |d 2024-05-10 |e En comodato |i 5661070 |o 428 DOF 2022 |p 5661070 |r 2025-03-13 |t 87 |w 2024-05-10 |y BK |k ILT | ||
| 952 | |0 0 |1 0 |2 ddc |4 0 |6 428_000000000000000_DOF_2022 |7 0 |8 A |9 594477 |a BIBHIS |b BIBHIS |d 2024-05-10 |e En comodato |i 5661071 |o 428 DOF 2022 |p 5661071 |r 2024-05-10 |t 88 |w 2024-05-10 |y BK |k ILH | ||
| 952 | |0 0 |1 0 |2 ddc |4 0 |6 428_000000000000000_DOF_2022 |7 0 |8 A |9 594478 |a BIBHIS |b BIBHIS |d 2024-05-10 |e En comodato |i 5661072 |o 428 DOF 2022 |p 5661072 |r 2024-05-10 |t 89 |w 2024-05-10 |y BK |k ILH | ||
| 952 | |0 0 |1 0 |2 ddc |4 0 |6 428_000000000000000_DOF_2022 |7 0 |8 A |9 594479 |a BIBHIS |b BIBHIS |d 2024-05-10 |e En comodato |i 5661073 |o 428 DOF 2022 |p 5661073 |r 2024-05-10 |t 90 |w 2024-05-10 |y BK |k ILH | ||
| 952 | |0 0 |1 0 |2 ddc |4 0 |6 428_000000000000000_DOF_2022 |7 0 |8 A |9 594480 |a BIBHIS |b BIBHIS |d 2024-05-10 |e En comodato |i 5661074 |o 428 DOF 2022 |p 5661074 |r 2024-05-10 |t 91 |w 2024-05-10 |y BK |k ILH | ||
| 952 | |0 0 |1 0 |2 ddc |4 0 |6 428_000000000000000_DOF_2022 |7 0 |8 A |9 594481 |a BIBHIS |b BIBHIS |d 2024-05-10 |e En comodato |i 5661075 |o 428 DOF 2022 |p 5661075 |r 2024-05-10 |t 92 |w 2024-05-10 |y BK |k ILH | ||
| 952 | |0 0 |1 0 |2 ddc |4 0 |6 428_000000000000000_DOF_2022 |7 0 |8 A |9 594482 |a BIBHIS |b BIBHIS |d 2024-05-10 |e En comodato |i 5661076 |o 428 DOF 2022 |p 5661076 |r 2024-05-10 |t 93 |w 2024-05-10 |y BK |k ILH | ||
| 952 | |0 0 |1 0 |2 ddc |4 0 |6 428_000000000000000_DOF_2022 |7 0 |8 A |9 594483 |a BIBHIS |b BIBHIS |d 2024-05-10 |e En comodato |i 5661077 |o 428 DOF 2022 |p 5661077 |r 2024-05-10 |t 94 |w 2024-05-10 |y BK |k ILH | ||
| 952 | |0 0 |1 0 |2 ddc |4 0 |6 428_000000000000000_DOF_2022 |7 0 |8 A |9 594484 |a BIBHIS |b BIBHIS |d 2024-05-10 |e En comodato |i 5661078 |o 428 DOF 2022 |p 5661078 |r 2024-05-10 |t 95 |w 2024-05-10 |y BK |k ILH | ||
| 952 | |0 0 |1 0 |2 ddc |4 0 |6 428_000000000000000_DOF_2022 |7 0 |8 A |9 594485 |a BIBHIS |b BIBHIS |d 2024-05-10 |e En comodato |i 5661079 |o 428 DOF 2022 |p 5661079 |r 2024-05-10 |t 96 |w 2024-05-10 |y BK |k ILH | ||
| 952 | |0 0 |1 0 |2 ddc |4 0 |6 428_000000000000000_DOF_2022 |7 0 |8 A |9 594486 |a BIBHIS |b BIBHIS |d 2024-05-10 |e En comodato |i 5661080 |o 428 DOF 2022 |p 5661080 |r 2024-05-10 |t 97 |w 2024-05-10 |y BK |k ILH | ||
| 952 | |0 0 |1 0 |2 ddc |4 0 |6 428_000000000000000_DOF_2022 |7 0 |8 A |9 594487 |a BIBHIS |b BIBHIS |d 2024-05-10 |e En comodato |i 5661081 |o 428 DOF 2022 |p 5661081 |r 2024-05-10 |t 98 |w 2024-05-10 |y BK |k ILH | ||
| 952 | |0 0 |1 0 |2 ddc |4 0 |6 428_000000000000000_DOF_2022 |7 0 |8 A |9 594488 |a BIBHIS |b BIBHIS |d 2024-05-10 |e En comodato |i 5661082 |o 428 DOF 2022 |p 5661082 |r 2024-05-10 |t 99 |w 2024-05-10 |y BK |k ILH | ||
| 952 | |0 0 |1 0 |2 ddc |4 0 |6 428_000000000000000_DOF_2022 |7 0 |8 A |9 594489 |a BIBENE |b BIBENE |d 2024-05-10 |e En comodato |i 5661083 |l 1 |o 428 DOF 2022 |p 5661083 |q 2025-05-15 |r 2025-05-08 |s 2025-05-08 |t 100 |w 2024-05-10 |y BK |k ILN | ||
| 952 | |0 0 |1 0 |2 ddc |4 0 |6 428_000000000000000_DOF_2022 |7 0 |8 A |9 594490 |a BIBENE |b BIBENE |d 2024-05-10 |e En comodato |i 5661084 |l 1 |m 2 |o 428 DOF 2022 |p 5661084 |r 2025-01-15 |s 2024-05-24 |t 101 |w 2024-05-10 |y BK |k ILN | ||
| 952 | |0 0 |1 0 |2 ddc |4 0 |6 428_000000000000000_DOF_2022 |7 0 |8 A |9 594491 |a BIBENE |b BIBENE |d 2024-05-10 |e En comodato |i 5661085 |o 428 DOF 2022 |p 5661085 |r 2025-01-15 |t 102 |w 2024-05-10 |y BK |k ILN | ||
| 952 | |0 0 |1 0 |2 ddc |4 0 |6 428_000000000000000_DOF_2022 |7 0 |8 A |9 594492 |a BIBENE |b BIBENE |d 2024-05-10 |e En comodato |i 5661086 |o 428 DOF 2022 |p 5661086 |r 2025-01-15 |t 103 |w 2024-05-10 |y BK |k ILN | ||
| 952 | |0 0 |1 0 |2 ddc |4 0 |6 428_000000000000000_DOF_2022 |7 0 |8 A |9 594493 |a BIBENE |b BIBENE |d 2024-05-10 |e En comodato |i 5661087 |o 428 DOF 2022 |p 5661087 |r 2025-01-15 |t 104 |w 2024-05-10 |y BK |k ILN | ||
| 952 | |0 0 |1 0 |2 ddc |4 0 |6 428_000000000000000_DOF_2022 |7 0 |8 A |9 594494 |a BIBENE |b BIBENE |d 2024-05-10 |e En comodato |i 5661088 |o 428 DOF 2022 |p 5661088 |r 2025-01-15 |t 105 |w 2024-05-10 |y BK |k ILN | ||
| 952 | |0 0 |1 0 |2 ddc |4 0 |6 428_000000000000000_DOF_2022 |7 0 |8 A |9 594495 |a BIBENE |b BIBENE |d 2024-05-10 |e En comodato |i 5661089 |o 428 DOF 2022 |p 5661089 |r 2025-01-15 |t 106 |w 2024-05-10 |y BK |k ILN | ||
| 952 | |0 0 |1 0 |2 ddc |4 0 |6 428_000000000000000_DOF_2022 |7 0 |8 A |9 594496 |a BIBENE |b BIBENE |d 2024-05-10 |e En comodato |i 5661090 |o 428 DOF 2022 |p 5661090 |r 2025-01-15 |t 107 |w 2024-05-10 |y BK |k ILN | ||
| 952 | |0 0 |1 0 |2 ddc |4 0 |6 428_000000000000000_DOF_2022 |7 0 |8 A |9 594497 |a BIBENE |b BIBENE |d 2024-05-10 |e En comodato |i 5661091 |o 428 DOF 2022 |p 5661091 |r 2025-01-15 |t 108 |w 2024-05-10 |y BK |k ILN | ||
| 952 | |0 0 |1 0 |2 ddc |4 0 |6 428_000000000000000_DOF_2022 |7 0 |8 A |9 594498 |a BIBENE |b BIBENE |d 2024-05-10 |e En comodato |i 5661092 |o 428 DOF 2022 |p 5661092 |r 2025-01-15 |t 109 |w 2024-05-10 |y BK |k ILN | ||
| 952 | |0 0 |1 0 |2 ddc |4 0 |6 428_000000000000000_DOF_2022 |7 0 |8 A |9 594499 |a BIBENE |b BIBENE |d 2024-05-10 |e En comodato |i 5661093 |l 2 |o 428 DOF 2022 |p 5661093 |r 2025-04-14 |s 2025-04-08 |t 110 |w 2024-05-10 |y BK |k ILN | ||
| 952 | |0 0 |1 0 |2 ddc |4 0 |6 428_000000000000000_DOF_2022 |7 0 |8 A |9 594500 |a BIBENE |b BIBENE |d 2024-05-10 |e En comodato |i 5661094 |o 428 DOF 2022 |p 5661094 |r 2025-01-15 |t 111 |w 2024-05-10 |y BK |k ILN | ||
| 952 | |0 0 |1 0 |2 ddc |4 0 |6 428_000000000000000_DOF_2022 |7 0 |8 A |9 594504 |a BIBDER |b BIBDER |d 2024-05-10 |e En comodato |i 5661095 |o 428 DOF 2022 |p 5661095 |r 2024-05-10 |t 112 |w 2024-05-10 |y BK |k ILD | ||
| 952 | |0 0 |1 0 |2 ddc |4 0 |6 428_000000000000000_DOF_2022 |7 0 |8 A |9 594505 |a BIBDER |b BIBDER |d 2024-05-10 |e En comodato |i 5661096 |o 428 DOF 2022 |p 5661096 |r 2024-05-10 |t 113 |w 2024-05-10 |y BK |k ILD | ||
| 952 | |0 0 |1 0 |2 ddc |4 0 |6 428_000000000000000_DOF_2022 |7 0 |8 A |9 594507 |a BIBDER |b BIBDER |d 2024-05-10 |e En comodato |i 5661097 |o 428 DOF 2022 |p 5661097 |r 2024-05-10 |t 114 |w 2024-05-10 |y BK |k ILD | ||
| 952 | |0 0 |1 0 |2 ddc |4 0 |6 428_000000000000000_DOF_2022 |7 0 |8 A |9 594508 |a BIBDER |b BIBDER |d 2024-05-10 |e En comodato |i 5661098 |o 428 DOF 2022 |p 5661098 |r 2024-05-10 |t 115 |w 2024-05-10 |y BK |k ILD | ||
| 952 | |0 0 |1 0 |2 ddc |4 0 |6 428_000000000000000_DOF_2022 |7 0 |8 A |9 594510 |a BIBDER |b BIBDER |d 2024-05-10 |e En comodato |i 5661099 |o 428 DOF 2022 |p 5661099 |r 2024-05-10 |t 116 |w 2024-05-10 |y BK |k ILD | ||
| 952 | |0 0 |1 0 |2 ddc |4 0 |6 428_000000000000000_DOF_2022 |7 0 |8 A |9 594512 |a BIBDER |b BIBDER |d 2024-05-10 |e En comodato |i 5661100 |o 428 DOF 2022 |p 5661100 |r 2024-05-10 |t 117 |w 2024-05-10 |y BK |k ILD | ||
| 952 | |0 0 |1 0 |2 ddc |4 0 |6 428_000000000000000_DOF_2022 |7 0 |8 A |9 594516 |a BIBDER |b BIBDER |d 2024-05-10 |e En comodato |i 5661101 |o 428 DOF 2022 |p 5661101 |r 2024-05-10 |t 118 |w 2024-05-10 |y BK |k ILD | ||
| 952 | |0 0 |1 0 |2 ddc |4 0 |6 428_000000000000000_DOF_2022 |7 0 |8 A |9 594517 |a BIBDER |b BIBDER |d 2024-05-10 |e En comodato |i 5661102 |o 428 DOF 2022 |p 5661102 |r 2024-05-10 |t 119 |w 2024-05-10 |y BK |k ILD | ||
| 952 | |0 0 |1 0 |2 ddc |4 0 |6 428_000000000000000_DOF_2022 |7 0 |8 A |9 594518 |a BIBDER |b BIBDER |d 2024-05-10 |e En comodato |i 5661103 |o 428 DOF 2022 |p 5661103 |r 2024-05-10 |t 120 |w 2024-05-10 |y BK |k ILD | ||
| 952 | |0 0 |1 0 |2 ddc |4 0 |6 428_000000000000000_DOF_2022 |7 0 |8 A |9 594519 |a BIBDER |b BIBDER |d 2024-05-10 |e En comodato |i 5661104 |o 428 DOF 2022 |p 5661104 |r 2024-05-10 |t 121 |w 2024-05-10 |y BK |k ILD | ||
| 952 | |0 0 |1 0 |2 ddc |4 0 |6 428_000000000000000_DOF_2022 |7 0 |8 A |9 594520 |a BIBDER |b BIBDER |d 2024-05-10 |e En comodato |i 5661105 |o 428 DOF 2022 |p 5661105 |r 2024-05-10 |t 122 |w 2024-05-10 |y BK |k ILD | ||
| 952 | |0 0 |1 0 |2 ddc |4 0 |6 428_000000000000000_DOF_2022 |7 0 |8 A |9 594521 |a BIBDER |b BIBDER |d 2024-05-10 |e En comodato |i 5661106 |o 428 DOF 2022 |p 5661106 |r 2024-05-10 |t 123 |w 2024-05-10 |y BK |k ILD | ||
| 952 | |0 0 |1 0 |2 ddc |4 0 |6 428_000000000000000_DOF_2022 |7 0 |8 A |9 594522 |a BIBMEC |b BIBMEC |d 2024-05-10 |e En comodato |i 5661107 |o 428 DOF 2022 |p 5661107 |r 2024-06-05 |t 124 |w 2024-05-10 |y BK |k ILME | ||
| 952 | |0 0 |1 0 |2 ddc |4 0 |6 428_000000000000000_DOF_2022 |7 0 |8 A |9 594523 |a BIBMEC |b BIBMEC |d 2024-05-10 |e En comodato |i 5661108 |o 428 DOF 2022 |p 5661108 |r 2024-05-10 |t 125 |w 2024-05-10 |y BK |k ILME | ||
| 952 | |0 0 |1 0 |2 ddc |4 0 |6 428_000000000000000_DOF_2022 |7 0 |8 A |9 594524 |a BIBMEC |b BIBMEC |d 2024-05-10 |e En comodato |i 5661109 |o 428 DOF 2022 |p 5661109 |r 2024-05-10 |t 126 |w 2024-05-10 |y BK |k ILME | ||
| 952 | |0 0 |1 0 |2 ddc |4 0 |6 428_000000000000000_DOF_2022 |7 0 |8 A |9 594525 |a BIBMEC |b BIBMEC |d 2024-05-10 |e En comodato |i 5661110 |o 428 DOF 2022 |p 5661110 |r 2024-05-10 |t 127 |w 2024-05-10 |y BK |k ILME | ||
| 952 | |0 0 |1 0 |2 ddc |4 0 |6 428_000000000000000_DOF_2022 |7 0 |8 A |9 594526 |a BIBMEC |b BIBMEC |d 2024-05-10 |e En comodato |i 5661111 |o 428 DOF 2022 |p 5661111 |r 2024-05-10 |t 128 |w 2024-05-10 |y BK |k ILME | ||
| 952 | |0 0 |1 0 |2 ddc |4 0 |6 428_000000000000000_DOF_2022 |7 0 |8 A |9 594527 |a BIBMEC |b BIBMEC |d 2024-05-10 |e En comodato |i 5661112 |o 428 DOF 2022 |p 5661112 |r 2024-05-10 |t 129 |w 2024-05-10 |y BK |k ILME | ||
| 952 | |0 0 |1 0 |2 ddc |4 0 |6 428_000000000000000_DOF_2022 |7 0 |8 A |9 594528 |a BIBMEC |b BIBMEC |d 2024-05-10 |e En comodato |i 5661113 |o 428 DOF 2022 |p 5661113 |r 2024-05-10 |t 130 |w 2024-05-10 |y BK |k ILME | ||
| 952 | |0 0 |1 0 |2 ddc |4 0 |6 428_000000000000000_DOF_2022 |7 0 |8 A |9 594529 |a BIBMEC |b BIBMEC |d 2024-05-10 |e En comodato |i 5661114 |o 428 DOF 2022 |p 5661114 |r 2024-05-10 |t 131 |w 2024-05-10 |y BK |k ILME | ||
| 952 | |0 0 |1 0 |2 ddc |4 0 |6 428_000000000000000_DOF_2022 |7 0 |8 A |9 594530 |a BIBMEC |b BIBMEC |d 2024-05-10 |e En comodato |i 5661115 |o 428 DOF 2022 |p 5661115 |r 2024-05-10 |t 132 |w 2024-05-10 |y BK |k ILME | ||
| 952 | |0 0 |1 0 |2 ddc |4 0 |6 428_000000000000000_DOF_2022 |7 0 |8 A |9 594531 |a BIBMEC |b BIBMEC |d 2024-05-10 |e En comodato |i 5661116 |o 428 DOF 2022 |p 5661116 |r 2024-05-10 |t 133 |w 2024-05-10 |y BK |k ILME | ||
| 952 | |0 0 |1 0 |2 ddc |4 0 |6 428_000000000000000_DOF_2022 |7 0 |8 A |9 594532 |a BIBMEC |b BIBMEC |d 2024-05-10 |e En comodato |i 5661117 |o 428 DOF 2022 |p 5661117 |r 2024-05-10 |t 134 |w 2024-05-10 |y BK |k ILME | ||
| 952 | |0 0 |1 0 |2 ddc |4 0 |6 428_000000000000000_DOF_2022 |7 0 |8 A |9 594533 |a BIBMEC |b BIBMEC |d 2024-05-10 |e En comodato |i 5661118 |o 428 DOF 2022 |p 5661118 |r 2024-05-10 |t 135 |w 2024-05-10 |y BK |k ILME | ||
| 952 | |0 0 |1 0 |2 ddc |4 0 |6 428_000000000000000_DOF_2022 |7 0 |8 A |9 594534 |a BIBMAT |b BIBMAT |d 2024-05-10 |e En comodato |i 5661119 |o 428 DOF 2022 |p 5661119 |r 2025-01-07 |t 136 |w 2024-05-10 |y BK |k ILMA | ||
| 952 | |0 0 |1 0 |2 ddc |4 0 |6 428_000000000000000_DOF_2022 |7 0 |8 A |9 594535 |a BIBMAT |b BIBMAT |d 2024-05-10 |e En comodato |i 5661120 |o 428 DOF 2022 |p 5661120 |r 2025-01-07 |t 137 |w 2024-05-10 |y BK |k ILMA | ||
| 952 | |0 0 |1 0 |2 ddc |4 0 |6 428_000000000000000_DOF_2022 |7 0 |8 A |9 594536 |a BIBMAT |b BIBMAT |d 2024-05-10 |e En comodato |i 5661121 |o 428 DOF 2022 |p 5661121 |r 2025-01-07 |t 138 |w 2024-05-10 |y BK |k ILMA | ||
| 952 | |0 0 |1 0 |2 ddc |4 0 |6 428_000000000000000_DOF_2022 |7 0 |8 A |9 594537 |a BIBMAT |b BIBMAT |d 2024-05-10 |e En comodato |i 5661122 |o 428 DOF 2022 |p 5661122 |r 2025-01-07 |t 139 |w 2024-05-10 |y BK |k ILMA | ||
| 952 | |0 0 |1 0 |2 ddc |4 0 |6 428_000000000000000_DOF_2022 |7 0 |8 A |9 594538 |a BIBMAT |b BIBMAT |d 2024-05-10 |e En comodato |i 5661123 |o 428 DOF 2022 |p 5661123 |r 2025-01-07 |t 140 |w 2024-05-10 |y BK |k ILMA | ||
| 952 | |0 0 |1 0 |2 ddc |4 0 |6 428_000000000000000_DOF_2022 |7 0 |8 A |9 594539 |a BIBMAT |b BIBMAT |d 2024-05-10 |e En comodato |i 5661124 |o 428 DOF 2022 |p 5661124 |r 2025-01-07 |t 141 |w 2024-05-10 |y BK |k ILMA | ||
| 952 | |0 0 |1 0 |2 ddc |4 0 |6 428_000000000000000_DOF_2022 |7 0 |8 A |9 594540 |a BIBMAT |b BIBMAT |d 2024-05-10 |e En comodato |i 5661125 |o 428 DOF 2022 |p 5661125 |r 2025-01-07 |t 142 |w 2024-05-10 |y BK |k ILMA | ||
| 952 | |0 0 |1 0 |2 ddc |4 0 |6 428_000000000000000_DOF_2022 |7 0 |8 A |9 594541 |a BIBMAT |b BIBMAT |d 2024-05-10 |e En comodato |i 5661126 |o 428 DOF 2022 |p 5661126 |r 2025-01-07 |t 143 |w 2024-05-10 |y BK |k ILMA | ||
| 952 | |0 0 |1 0 |2 ddc |4 0 |6 428_000000000000000_DOF_2022 |7 0 |8 A |9 594542 |a BIBMAT |b BIBMAT |d 2024-05-10 |e En comodato |i 5661127 |o 428 DOF 2022 |p 5661127 |r 2025-01-07 |t 144 |w 2024-05-10 |y BK |k ILMA | ||
| 952 | |0 0 |1 0 |2 ddc |4 0 |6 428_000000000000000_DOF_2022 |7 0 |8 A |9 594543 |a BIBMAT |b BIBMAT |d 2024-05-10 |e En comodato |i 5661128 |o 428 DOF 2022 |p 5661128 |r 2025-01-07 |t 145 |w 2024-05-10 |y BK |k ILMA | ||
| 952 | |0 0 |1 0 |2 ddc |4 0 |6 428_000000000000000_DOF_2022 |7 0 |8 A |9 594544 |a BIBMAT |b BIBMAT |d 2024-05-10 |e En comodato |i 5661129 |o 428 DOF 2022 |p 5661129 |r 2025-01-07 |t 146 |w 2024-05-10 |y BK |k ILMA | ||
| 952 | |0 0 |1 0 |2 ddc |4 0 |6 428_000000000000000_DOF_2022 |7 0 |8 A |9 594545 |a BIBMAT |b BIBMAT |d 2024-05-10 |e En comodato |i 5661130 |o 428 DOF 2022 |p 5661130 |r 2025-01-07 |t 147 |w 2024-05-10 |y BK |k ILMA | ||
| 952 | |0 0 |1 0 |2 ddc |4 0 |6 428_000000000000000_DOF_2022 |7 0 |8 A |9 594559 |a BIBTEO |b BIBTEO |d 2024-05-13 |e En comodato |i 5661131 |o 428 DOF 2022 |p 5661131 |r 2025-01-17 |t 148 |w 2024-05-13 |y BK |k ILCR | ||
| 952 | |0 0 |1 0 |2 ddc |4 0 |6 428_000000000000000_DOF_2022 |7 0 |8 A |9 594560 |a BIBTEO |b BIBTEO |d 2024-05-13 |e En comodato |i 5661132 |l 1 |m 1 |o 428 DOF 2022 |p 5661132 |r 2025-01-17 |s 2024-06-05 |t 149 |w 2024-05-13 |y BK |k ILCR | ||
| 952 | |0 0 |1 0 |2 ddc |4 0 |6 428_000000000000000_DOF_2022 |7 0 |8 A |9 594561 |a BIBTEO |b BIBTEO |d 2024-05-13 |e En comodato |i 5661133 |l 1 |o 428 DOF 2022 |p 5661133 |r 2025-01-17 |s 2024-09-03 |t 150 |w 2024-05-13 |y BK |k ILCR | ||
| 952 | |0 0 |1 0 |2 ddc |4 0 |6 428_000000000000000_DOF_2022 |7 0 |8 A |9 594562 |a BIBTEO |b BIBTEO |d 2024-05-13 |e En comodato |i 5661134 |o 428 DOF 2022 |p 5661134 |r 2025-01-17 |t 151 |w 2024-05-13 |y BK |k ILCR | ||
| 952 | |0 0 |1 0 |2 ddc |4 0 |6 428_000000000000000_DOF_2022 |7 0 |8 A |9 594563 |a BIBTEO |b BIBTEO |d 2024-05-13 |e En comodato |i 5661135 |o 428 DOF 2022 |p 5661135 |r 2025-01-17 |t 152 |w 2024-05-13 |y BK |k ILCR | ||
| 952 | |0 0 |1 0 |2 ddc |4 0 |6 428_000000000000000_DOF_2022 |7 0 |8 A |9 594564 |a BIBTEO |b BIBTEO |d 2024-05-13 |e En comodato |i 5661136 |o 428 DOF 2022 |p 5661136 |r 2025-01-17 |t 153 |w 2024-05-13 |y BK |k ILCR | ||
| 952 | |0 0 |1 0 |2 ddc |4 0 |6 428_000000000000000_DOF_2022 |7 0 |8 A |9 594565 |a BIBTEO |b BIBTEO |d 2024-05-13 |e En comodato |i 5661137 |o 428 DOF 2022 |p 5661137 |r 2025-01-17 |t 154 |w 2024-05-13 |y BK |k ILCR | ||
| 952 | |0 0 |1 0 |2 ddc |4 0 |6 428_000000000000000_DOF_2022 |7 0 |8 A |9 594566 |a BIBTEO |b BIBTEO |d 2024-05-13 |e En comodato |i 5661138 |o 428 DOF 2022 |p 5661138 |r 2025-01-17 |t 155 |w 2024-05-13 |y BK |k ILCR | ||
| 952 | |0 0 |1 0 |2 ddc |4 0 |6 428_000000000000000_DOF_2022 |7 0 |8 A |9 594567 |a BIBTEO |b BIBTEO |d 2024-05-13 |e En comodato |i 5661139 |o 428 DOF 2022 |p 5661139 |r 2025-01-17 |t 156 |w 2024-05-13 |y BK |k ILCR | ||
| 952 | |0 0 |1 0 |2 ddc |4 0 |6 428_000000000000000_DOF_2022 |7 0 |8 A |9 594568 |a BIBTEO |b BIBTEO |d 2024-05-13 |e En comodato |i 5661140 |o 428 DOF 2022 |p 5661140 |r 2025-01-17 |t 157 |w 2024-05-13 |y BK |k ILCR | ||
| 952 | |0 0 |1 0 |2 ddc |4 0 |6 428_000000000000000_DOF_2022 |7 0 |8 A |9 594569 |a BIBTEO |b BIBTEO |d 2024-05-13 |e En comodato |i 5661141 |o 428 DOF 2022 |p 5661141 |r 2025-01-17 |t 158 |w 2024-05-13 |y BK |k ILCR | ||
| 952 | |0 0 |1 0 |2 ddc |4 0 |6 428_000000000000000_DOF_2022 |7 0 |8 A |9 594570 |a BIBTEO |b BIBTEO |d 2024-05-13 |e En comodato |i 5661142 |o 428 DOF 2022 |p 5661142 |r 2025-01-17 |t 159 |w 2024-05-13 |y BK |k ILCR | ||
| 952 | |0 0 |1 0 |2 ddc |4 0 |6 428_000000000000000_DOF_2022 |7 0 |8 A |9 594571 |a BIBALI |b BIBALI |d 2024-05-13 |e En comodato |i 5661143 |o 428 DOF 2022 |p 5661143 |r 2025-01-20 |t 160 |w 2024-05-13 |y BK |k ILAL | ||
| 952 | |0 0 |1 0 |2 ddc |4 0 |6 428_000000000000000_DOF_2022 |7 0 |8 A |9 594572 |a BIBALI |b BIBALI |d 2024-05-13 |e En comodato |i 5661144 |o 428 DOF 2022 |p 5661144 |r 2025-01-20 |t 161 |w 2024-05-13 |y BK |k ILAL | ||
| 952 | |0 0 |1 0 |2 ddc |4 0 |6 428_000000000000000_DOF_2022 |7 0 |8 A |9 594573 |a BIBALI |b BIBALI |d 2024-05-13 |e En comodato |i 5661145 |o 428 DOF 2022 |p 5661145 |r 2025-01-20 |t 162 |w 2024-05-13 |y BK |k ILAL | ||
| 952 | |0 0 |1 0 |2 ddc |4 0 |6 428_000000000000000_DOF_2022 |7 0 |8 A |9 594574 |a BIBALI |b BIBALI |d 2024-05-13 |e En comodato |i 5661146 |o 428 DOF 2022 |p 5661146 |r 2025-01-20 |t 163 |w 2024-05-13 |y BK |k ILAL | ||
| 952 | |0 0 |1 0 |2 ddc |4 0 |6 428_000000000000000_DOF_2022 |7 0 |8 A |9 594575 |a BIBALI |b BIBALI |d 2024-05-13 |e En comodato |i 5661147 |o 428 DOF 2022 |p 5661147 |r 2025-01-20 |t 164 |w 2024-05-13 |y BK |k ILAL | ||
| 952 | |0 0 |1 0 |2 ddc |4 0 |6 428_000000000000000_DOF_2022 |7 0 |8 A |9 594576 |a BIBALI |b BIBALI |d 2024-05-13 |e En comodato |i 5661148 |o 428 DOF 2022 |p 5661148 |r 2025-01-20 |t 165 |w 2024-05-13 |y BK |k ILAL | ||
| 952 | |0 0 |1 0 |2 ddc |4 0 |6 428_000000000000000_DOF_2022 |7 0 |8 A |9 594577 |a BIBALI |b BIBALI |d 2024-05-13 |e En comodato |i 5661149 |o 428 DOF 2022 |p 5661149 |r 2025-01-20 |t 166 |w 2024-05-13 |y BK |k ILAL | ||
| 952 | |0 0 |1 0 |2 ddc |4 0 |6 428_000000000000000_DOF_2022 |7 0 |8 A |9 594578 |a BIBALI |b BIBALI |d 2024-05-13 |e En comodato |i 5661150 |o 428 DOF 2022 |p 5661150 |r 2025-01-20 |t 167 |w 2024-05-13 |y BK |k ILAL | ||
| 952 | |0 0 |1 0 |2 ddc |4 0 |6 428_000000000000000_DOF_2022 |7 0 |8 A |9 594579 |a BIBALI |b BIBALI |d 2024-05-13 |e En comodato |i 5661151 |o 428 DOF 2022 |p 5661151 |r 2025-01-20 |t 168 |w 2024-05-13 |y BK |k ILAL | ||
| 952 | |0 0 |1 0 |2 ddc |4 0 |6 428_000000000000000_DOF_2022 |7 0 |8 A |9 594580 |a BIBALI |b BIBALI |d 2024-05-13 |e En comodato |i 5661152 |o 428 DOF 2022 |p 5661152 |r 2025-01-20 |t 169 |w 2024-05-13 |y BK |k ILAL | ||
| 952 | |0 0 |1 0 |2 ddc |4 0 |6 428_000000000000000_DOF_2022 |7 0 |8 A |9 594581 |a BIBALI |b BIBALI |d 2024-05-13 |e En comodato |i 5661153 |o 428 DOF 2022 |p 5661153 |r 2025-01-20 |t 170 |w 2024-05-13 |y BK |k ILAL | ||
| 952 | |0 0 |1 0 |2 ddc |4 0 |6 428_000000000000000_DOF_2022 |7 0 |8 A |9 594582 |a BIBALI |b BIBALI |d 2024-05-13 |e En comodato |i 5661154 |o 428 DOF 2022 |p 5661154 |r 2025-01-20 |t 171 |w 2024-05-13 |y BK |k ILAL | ||
| 952 | |0 0 |1 0 |2 ddc |4 0 |6 428_000000000000000_DOF_2022 |7 0 |9 594586 |a FDOILP |b FDOILP |d 2024-05-13 |e En comodato |i 5661155 |o 428 DOF 2022 |p 5661155 |r 2024-05-13 |t 172 |w 2024-05-13 |y BK |k ILP | ||
| 952 | |0 0 |1 0 |2 ddc |4 0 |6 428_000000000000000_DOF_2022 |7 0 |9 594587 |a FDOILP |b FDOILP |d 2024-05-13 |e En comodato |i 5661156 |o 428 DOF 2022 |p 5661156 |r 2024-05-13 |t 173 |w 2024-05-13 |y BK |k ILP | ||
| 952 | |0 0 |1 0 |2 ddc |4 0 |6 428_000000000000000_DOF_2022 |7 0 |9 594588 |a FDOILP |b FDOILP |d 2024-05-13 |e En comodato |i 5661157 |o 428 DOF 2022 |p 5661157 |r 2024-05-13 |t 174 |w 2024-05-13 |y BK |k ILP | ||